000 00478nam a2200157 4500
001 143145
003 ES-MaACL
007 t|
008 070214s1933 fr r ||||1| fre d
100 1 _aSemenoff, E.
_9183479
245 1 3 _aLa vie douloureuse d'Ivan Tourguéneff
_b: avec des lettres inédites de Tourguéneff a sa fille /
_cE. Semenoff.
260 _aParis :
_bMercure de France,
_c1933.
300 _a253 p. ;
_c19 cm.
852 _aES-MaACL
_jB-7795
999 _c143145
_d143145